000 005630000a22001810004500
003 MACL
005 20160608131946.0
008 160608b xxu||||| |||| 00| 0 eng d
040 _aMACL
_cMACL
041 _aHindi
082 _a920
100 _aहाथरसी, काका
_963032
245 _aमेरा जीवन ए वन
_cकाका हाथरसी
260 _bहिंदी साहित्‍य निकेतन
_c1993
_aबिजनौर
350 _a100
650 _aAutobiography
_963033
942 _cHIN
_k920/HAT
_2ddc
999 _c20332
_d20332